01209nam a2200313 a 4500001001000000003000900010005001700019007000300036008003800039020001500077040003000092082002700122100004800149245004300197260004500240300002100285336002700306337003300333338002800366500004700394600006800441650002600509651008000535651008900615910004000704942001200744952012200756999001700878000000578DO-SdBPM20260130112427.0ta090130s2003 dr 000 0 spa d a9993490091 aDO-SdBPMbspacBPMSUdrda 4a972.93bI43v 20032221 aInfante, Fernandod1935-2025eautor 4aut. 14aLos viejos días /cFernando Infante. aSanto Domingo :bLetra Gráfica,c2003. a160 p. ;c22 cm. atextobtxt2rdacontent asin mediaciónbn2rdamedia avolumenbnc2rdacarrier aIncluye datos biográficos en las solapas17a Infante, Fernando, d1935-2026xCorrespondencia, memorias, etc 7aLiteratura dominicana 7aSanto Domingo (República Dominicana: ciudad)xHistoria localySiglo XX2  7aRepública DominicanaxHistoria yEra de Trujillo, 1930-1961xRelatos personales2  aVMateo V. Control de calidad. BPMSU 2ddccBK 00102ddc708CDaBPMETbBPMETd2026-01-30l0oBPMSU CD 972.93 I43v 2003pBPMSU26010083r2026-01-30w2026-01-30yBK c15645d15645